00520nam a22001455i 4500001000700000003000900007005001700016008004100033040002000074100001800094245007200112260006800184300002200252852010000274158531ES-MaACL20230906211202.0040831s1890 it |||| | ita d aCAM bspa cCAM1 aMaineri, B.E.13aLe conchiglie del Torsè€ro e I turchi al Ceriale / cB.E. Maineri. aRoma : b[s.n.], c1890 (fStabilimento tipografico G. Civelli) a177 p. ; c24 cm. aES-MaACLjT-698-F-6 z-- Enc. hol. q-- Falto de la cub. original z-- Enc. en un vol. facticio